Where is walt disney world? (Record no. 5157)

MARC details
000 -LEADER
fixed length control field 01642nam a22003017a 4500
001 - CONTROL NUMBER
control field 5157
003 - CONTROL NUMBER IDENTIFIER
control field FISKH
005 - DATE AND TIME OF LATEST TRANSACTION
control field 20241108092310.0
008 - FIXED-LENGTH DATA ELEMENTS--GENERAL INFORMATION
fixed length control field 241108b cb ||||| |||| 00| 0 eng d
020 ## - INTERNATIONAL STANDARD BOOK NUMBER
International Standard Book Number 9780515158434
040 ## - CATALOGING SOURCE
Original cataloging agency FISKH
Language of cataloging eng
Transcribing agency FISKH
Modifying agency FISKH
050 ## - LIBRARY OF CONGRESS CALL NUMBER
Classification number GV1853.F62
082 ## - DEWEY DECIMAL CLASSIFICATION NUMBER
Classification number 791.06
100 ## - MAIN ENTRY--PERSONAL NAME
Personal name Holub, Joan
Dates associated with a name (1956-)
245 ## - TITLE STATEMENT
Title Where is walt disney world?
Statement of responsibility, etc. by Joan Holub illustrated by Gregory Copeland
250 ## - EDITION STATEMENT
Edition statement 2018
260 ## - PUBLICATION, DISTRIBUTION, ETC.
Place of publication, distribution, etc. New York :
Name of publisher, distributor, etc. Penguin,
Date of publication, distribution, etc. 2018.
300 ## - PHYSICAL DESCRIPTION
Extent 108 pages :
Other physical details Illustrations ;
Dimensions 20 cm
505 ## - FORMATTED CONTENTS NOTE
Formatted contents note S<br/>
520 ## - SUMMARY, ETC.
Summary, etc. "Building the most magical place on earth was no fairy tale. Learn the story behind the creation of Walt Disney World. In 1964, when Walt Disney and his brother Roy decided to build a second theme park in the Florida swamplands, they kept it super hush-hush. Why? Well, if word got out that they planned to buy up lots of land, the price would have skyrocketed. So the Disneys cleverly covered up their trail, avoiding the Orlando Airport and even using made-up names, like Walt and Roy Davis, for their flights. The deception worked. In covering the history of the "Most Magical Place On Earth," Joan Holub takes readers both behind the scenes and underneath the park (there are secret employee-only tunnels that form one big circle under the Magic Kingdom). Loaded with fun facts, this book is a great companion to Who Was Walt Disney?"--
521 8# - TARGET AUDIENCE NOTE
Target audience note 990L<br/>
Source Lexile<br/>
521 8# - TARGET AUDIENCE NOTE
Target audience note S<br/>
Source Raz-Plus<br/>
650 ## - SUBJECT ADDED ENTRY--TOPICAL TERM
Source of heading or term Geography
Topical term or geographic name entry element Florida
650 ## - SUBJECT ADDED ENTRY--TOPICAL TERM
Source of heading or term History
Topical term or geographic name entry element Disney
700 ## - ADDED ENTRY--PERSONAL NAME
Personal name Copeland, Gregory
Dates associated with a name Illustrator
942 ## - ADDED ENTRY ELEMENTS (KOHA)
Source of classification or shelving scheme Dewey Decimal Classification
Koha item type Books
Suppress in OPAC No
Holdings
Withdrawn status Lost status Source of classification or shelving scheme Damaged status Not for loan Collection Home library Current library Shelving location Date acquired Total Checkouts Full call number Barcode Date last seen Date last checked out Copy number Price effective from Koha item type
    Dewey Decimal Classification     Fiction Footprints International School Library Network Toul Kork Campus Footprints International School Library Network Toul Kork Campus A TK Campus, 4th Floor, Room B401, Fiction Bookcases (1-6) 11/08/2024 1 HOL 791.06 GV1853.F62 FISTK05738 04/01/2026 03/02/2026 1 11/08/2024 Books